000 00511nam a22001697a 4500
999 _c8491
_d8491
008 201125b ||||| |||| 00| 0 eng d
040 _aBMS College of Architecture
100 _aJoshy, Mary Tessa
245 _aCommunal arts forum Shimoga
300 _a66p.
500 _a1BM14AT108
502 _8B,Arch
_NBMS College of Architecture, Visvesvaraya Technological University (VTU)
_aProject report
_d2018
650 _aArts
700 _aNeetha S N
_eGuide
700 _aPraveen Alva
_eGuide
942 _2ddc
_cTHE